Курс экономической теории (Запись № 13674422)

Подробности
000 -МАРКЕР
контрольное поле 02052nam0a2200337 4500
001 - ИДЕНТИФИКАТОР ЗАПИСИ
контрольное поле RU\NLR\BIBL_A\022559317
005 - ИДЕНТИФИКАТОР ВЕРСИИ
контрольное поле 20260420045427.0
010 ## - МЕЖДУНАРОДНЫЙ СТАНДАРТНЫЙ НОМЕР КНИГИ (ISBN)
Номер (ISBN) 978-5-00130-887-4
Тираж 100
021 ## - НОМЕР ГОСУДАРСТВЕННОЙ РЕГИСТРАЦИИ
Код страны Российская Федерация
Номер КН-П-25-020442
Номер Листа государственной регистраци КН-П-25-2067
035 ## - ДРУГИЕ СИСТЕМНЫЕ НОМЕРА
Идентификатор записи (NLR Aleph) 022559317
100 ## - ДАННЫЕ ОБЩЕЙ ОБРАБОТКИ
Данные общей обработки 20250604d2025 u y0rusy50 ca
101 0# - ЯЗЫК РЕСУРСА
Язык текста, звукозаписи и т.д. русский
102 ## - СТРАНА ПУБЛИКАЦИИ ИЛИ ПРОИЗВОДСТВА
Страна публикации Российская Федерация
105 ## - ПОЛЕ КОДИРОВАННЫХ ДАННЫХ: ТЕКСТОВЫЕ МАТЕРИАЛЫ, МОНОГРАФИЧЕСКИЕ
Кодированные данные о монографическом текстовом документе y j|||000zy
200 1# - ЗАГЛАВИЕ И СВЕДЕНИЯ ОБ ОТВЕТСТВЕННОСТИ
Основное заглавие Курс экономической теории
Сведения, относящиеся к заглавию учебное пособие
Первые сведения об ответственности доктор экономических наук, профессор Н. Г. Багаутдинова, доктор экономических наук, профессор С. В. Киселев, доктор экономических наук, профессор Ф. С. Абдулганиев [и др.]
Последующие сведения об ответственности Министерство науки и высшего образования Российской Федерации, Казанский федеральный университет
210 ## - ПУБЛИКАЦИЯ, РАСПРОСТРАНЕНИЕ И ДР.
Место издания, распространения и т.д. Казань
Имя издателя, распространителя и т. д. Изд-во Казанского университета
Дата издания, распространения и т.д. 2025
215 ## - ФИЗИЧЕСКАЯ ХАРАКТЕРИСТИКА
Специфическое обозначение материала и объем 272 с.
Размеры 20
300 ## - ОБЩИЕ ПРИМЕЧАНИЯ
Текст примечания Авт. указаны на обороте тит. с.
320 ## - ПРИМЕЧАНИЯ О НАЛИЧИИ В ДОКУМЕНТЕ БИБЛИОГРАФИИ / УКАЗАТЕЛЯ
Текст примечания Библиогр. в конце разд.
606 1# - НАИМЕНОВАНИЕ ТЕМЫ КАК ПРЕДМЕТ
Наименование темы Экономика
Формальный подзаголовок Учебные издания для высших учебных заведений
Тематический подзаголовок Теория
Системный номер авторитетной/нормативной записи 1565397
Идентификатор авторитетной/нормативной записи RU\NLR\AUTH\66985247
686 1# - ИНДЕКСЫ ДРУГИХ КЛАССИФИКАЦИЙ
Индекс У010я73
701 #1 - ИМЯ ЛИЦА - АЛЬТЕРНАТИВНАЯ ОТВЕТСТВЕННОСТЬ
Начальный элемент ввода Багаутдинова
Часть имени, кроме начального элемента ввода Н. Г.
Расширение инициалов личного имени Наиля Гумеровна
701 #1 - ИМЯ ЛИЦА - АЛЬТЕРНАТИВНАЯ ОТВЕТСТВЕННОСТЬ
Графика поля Кириллица
Материалы, к которым относится поле rus
Начальный элемент ввода Киселев
Часть имени, кроме начального элемента ввода С. В.
Дополнения к именам, кроме дат д-р экон. наук
Расширение инициалов личного имени Сергей Владимирович
Системный номер авторитетной/нормативной записи 35831
Идентификатор авторитетной/нормативной записи RU\NLR\AUTH\7752898
701 #1 - ИМЯ ЛИЦА - АЛЬТЕРНАТИВНАЯ ОТВЕТСТВЕННОСТЬ
Начальный элемент ввода Абдулганиев
Часть имени, кроме начального элемента ввода Ф. С.
Расширение инициалов личного имени Фарид Султанович
712 02 - НАИМЕНОВАНИЕ ОРГАНИЗАЦИИ - ВТОРИЧНАЯ ОТВЕТСТВЕННОСТЬ
Код отношения Издающая организация
Начальный элемент ввода Казанский (Приволжский) федеральный университет
Системный номер авторитетной/нормативной записи 827387
Идентификатор авторитетной/нормативной записи RU\NLR\AUTH\8810165675
942 ## - ДОПОЛНИТЕЛЬНЫЕ ЭЛЕМЕНТЫ ЗАПИСИ (АБИС)
Тип экземпляра АБИС Книга
980 ## - КОЛЛЕКЦИЯ
Название коллекции Национальная библиография

Нет доступных экземпляров.